Formula 1 Winners (2020s) - Statistics

General Stats
  • This quiz has been taken 24 times
  • The average score is 11 of 12
Answer Stats
Win
Count
Driver % Correct
6 Charles Leclerc
100%
21 Lewis Hamilton
100%
63 Max Verstappen
100%
11 Lando Norris
95%
9 Oscar Piastri
95%
4 Carlos Sainz
90%
6 Sergio Perez
90%
1 Esteban Ocon
86%
5 George Russell
86%
1 Pierre Gasly
86%
3 Valtteri Bottas
76%
1 Daniel Ricciardo
62%
No matching quizzes found
Score Distribution
Percent of People with Each Score
Percentile by Number Answered
Your Score History
You have not taken this quiz